000 00650nam a22001937a 4500
010 _a723091
035 _a723091
037 _bCen Lib / Ret
040 _aDPL
_bEN
082 _a954.11
_bSUF
100 _aSufi, G. M. D.
245 _aKashir being a history of kashmir :
_bfrom the earliest times to our own /
_cby G. M. D. Sufi
260 _aLucknow
_bLight & Life Publishers
_c1974
270 _aC-132, Dayanand Colony, Lajpat Nagar IV
_bNew Delhi
_e110024
300 _axxvii, 148p
_c27cm(Hb)
650 _aJammu and Kashmir (India) -- History.
650 _aIndia -- Jammu and Kashmir.
942 _2ddc
_cEN
_h954.11
_mSUF
999 _c137041
_d137041